Responsabilidad extracontractual de la administración pública (Registro nro. 263)

Detalles MARC
000 -LEADER
fixed length control field 01434 a2200217 4500
001 - CONTROL NUMBER
control field 2288
005 - DATE AND TIME OF LATEST TRANSACTION
control field 20260407155423.0
008 - FIXED-LENGTH DATA ELEMENTS--GENERAL INFORMATION
fixed length control field 260407a2008 arg spa d
003 - CONTROL NUMBER IDENTIFIER
control field AR-UNSa-BCEJYS
040 ## - CATALOGING SOURCE
Original cataloging agency AR-UNSa-BCEJYS
Language of cataloging spa
Transcribing agency AR-UNSa-BCEJYS
080 ## - UNIVERSAL DECIMAL CLASSIFICATION NUMBER
Universal Decimal Classification number 351
Common auxiliary subdivision Funciones propias de la administración pública <br/>
020 ## - INTERNATIONAL STANDARD BOOK NUMBER
International Standard Book Number 978-950-727-949-2
100 1# - MAIN ENTRY--PERSONAL NAME
Personal name Amenábar, María del Pilar
245 10 - TITLE STATEMENT
Title Responsabilidad extracontractual de la administración pública
264 #1 - PRODUCTION, PUBLICATION, DISTRIBUTION, MANUFACTURE, AND COPYRIGHT NOTICE
Place of production, publication, distribution, manufacture Buenos Aires :
Name of producer, publisher, distributor, manufacturer Rubinzal-Culzoni Editores
Date of production, publication, distribution, manufacture, or copyright notice 2008
300 ## - PHYSICAL DESCRIPTION
Extent 582 p.
Dimensions 22 cm.
505 ## - FORMATTED CONTENTS NOTE
Formatted contents note 1. La evolución de la responsabilidad patrimonial del Estado - 2. El fundamento de la responsabilidad del Estado - 3. Caracteres de la responsabilidad patrimonial de la administración pública - 4. Régimen jurídico de la responsabilidad patrimonial de la administración pública - 5. Los presupuestos de la responsabilidad patrimonial de la administración pública - 6. Causas de imputación de responsabilidad a la administración pública. Las normas aplicables en el derecho argentino - 7. Régimen aplicable a la responsabilidad de la administración por daños con intervención de bienes públicos de uso común
590 ## - LOCAL NOTE (RLIN)
Local note niveau_biblio:m niveau_hierar:0
856 41 - ELECTRONIC LOCATION AND ACCESS
Uniform Resource Identifier <a href="https://biblioeco.unsa.edu.ar/pmb/images/libros/Responsabilidad extracontractual de la administracion publica-l118259.jpg">https://biblioeco.unsa.edu.ar/pmb/images/libros/Responsabilidad extracontractual de la administracion publica-l118259.jpg</a>
Link text Imagen de portada
Electronic format type image/jpeg
942 ## - ADDED ENTRY ELEMENTS (KOHA)
Koha item type
Existencias
Withdrawn status Lost status Damaged status Not for loan Home library Current library Shelving location Date acquired Total checkouts Full call number Barcode Date last seen Price effective from Koha item type
        Biblioteca Prof. Eusebio Cleto del Rey Biblioteca Prof. Eusebio Cleto del Rey   07/04/2026   351 A511 L118259 07/04/2026 07/04/2026 Libro